000 00468nam a2200169Ia 4500
003 GCL
008 140319s9999 xx 000 0 eng d
040 _aGCL /
_cGCL
082 0 4 _aP
_b300
_bC E
100 1 _aCEDEJ (CENTRE D ETUDES ET DE DOUMENTTATI
245 1 0 _aCEDEJ,DOSSIER 2-3 1980-1986 /
_cCEDEJ (CENTRE D ETUDES ET DE DOUMENTTATI
260 _a[S.N] :
_bCEDEJ ،
_c1980
650 0 4 _aEGYPT
650 0 4 _aSOCIAL SCIENCE
650 0 4 _aCEDER
942 _2ddc
_cCR
999 _c25857
_d25857